000 00742nam a2200241Ia 4500
003 OSt
005 20220925215906.0
006 a|||||r|||| 00| 0
007 ta
008 220923b |||||||| |||| 00| 0 eng d
037 _cGeneral Book
040 _aRTL
_cRTL
_beng
041 _2eng
_aeng
082 _aX.73.M, H7
100 _aStark W
_977785
245 0 _aAmerica
_b Ideal and reality the United States of 1
260 _aLondon
_bKega Paul
_c1947
300 _aviii, 115p
_ccm.
490 _aInternational Library of Socialogy and Social Reconstruction. Ed by Karl Mannheim
650 _aUnited States Economic Conditions
_9230667
942 _hX.73.M, H7
_cGB
_2CC
999 _c570003
_d570003